ბათუმის შოთა რუსთაველის სახელმწიფო უნივერსიტეტის ბიბლიოთეკა

Disability in higher education : (ბიბ.ჩანაწერი № 58077)

000 -LEADER
fixed length control field 01242cam a2200253 i 4500
001 - CONTROL NUMBER
control field 19385055
005 - DATE AND TIME OF LATEST TRANSACTION
control field 20221108164623.0
008 - FIXED-LENGTH DATA ELEMENTS--GENERAL INFORMATION
fixed length control field 161121s2017 nju b 001 0 eng c
020 ## - INTERNATIONAL STANDARD BOOK NUMBER
International Standard Book Number 9781118018224 X
041 ## - LANGUAGE CODE
Language code of text/sound track or separate title eng
080 ## - UNIVERSAL DECIMAL CLASSIFICATION NUMBER
Universal Decimal Classification number 364.694 + 376-056.2 D-63
245 10 - TITLE STATEMENT
Title Disability in higher education :
Remainder of title a social justice approach /
Statement of responsibility, etc. Nancy J. Evans, Ellen M. Broido, Kirsten R. Brown, Autumn K. Wilke.
264 #1 - PRODUCTION, PUBLICATION, DISTRIBUTION, MANUFACTURE, AND COPYRIGHT NOTICE
Place of production, publication, distribution, manufacture San Francisco, CA :
Name of producer, publisher, distributor, manufacturer Jossey-Bass, a Wiley Brand,
Date of production, publication, distribution, manufacture, or copyright notice 2017
300 ## - PHYSICAL DESCRIPTION
Extent 515 pages ;
Dimensions 25 cm.
653 ## - INDEX TERM--UNCONTROLLED
keyword შეზღუდული შესაძლებლობის მქონე პირები
653 ## - INDEX TERM--UNCONTROLLED
keyword Люди с ограниченными возможностями
653 ## - INDEX TERM--UNCONTROLLED
keyword შეზღუდული შესაძლებლობის მქონე კოლეჯის სტუდენტები
653 ## - INDEX TERM--UNCONTROLLED
keyword Студенты колледжа с ограниченными возможностями
700 1# - ADDED ENTRY--PERSONAL NAME
Personal name Evans, Nancy J.
Dates associated with a name 1965-
Relator term ავტორი
9 (RLIN) 11987
700 1# - ADDED ENTRY--PERSONAL NAME
Personal name Broido, Ellen M.,
Relator term ავტორი
9 (RLIN) 11988
700 1# - ADDED ENTRY--PERSONAL NAME
Personal name Brown, Kirsten R.,
Relator term ავტორი
9 (RLIN) 11989
700 1# - ADDED ENTRY--PERSONAL NAME
Personal name Wilke, Autumn K.,
Relator term ავტორი
9 (RLIN) 11990
942 ## - ADDED ENTRY ELEMENTS (KOHA)
Source of classification or shelving scheme
Koha item type წიგნი
ეგზემპლარები
Withdrawn status Lost status Source of classification or shelving scheme Damaged status Not for loan Permanent Location Current Location Shelving location Date acquired Cost, normal purchase price Full call number Barcode Date last seen Copy number Price effective from Koha item type Public note
          ბათუმის შოთა რუსთაველის სახელმწიფო უნივერსიტეტის მთავარი ბიბლიოთეკა ბათუმის შოთა რუსთაველის სახელმწიფო უნივერსიტეტის მთავარი ბიბლიოთეკა წიგნსაცავი 2021-06-08 142.00 364.694 + 376-056.2 D-63 61365 2021-06-08 61365 2021-06-08 წიგნი 142 ლ.